|
|
|
|
| LEADER |
00000nam0a2200000 4500 |
| 001 |
28923 |
| 005 |
20231030203036.0 |
| 035 |
|
|
|a (RuTPU)RU\TPU\book\29181
|
| 035 |
|
|
|a BOOK00029256
|
| 090 |
|
|
|a 28923
|
| 100 |
|
|
|a 20011209d1992 k y0rusy50 ca
|
| 101 |
0 |
|
|a rus
|
| 102 |
|
|
|a RU
|
| 105 |
|
|
|a 000|y
|
| 200 |
1 |
|
|a Геология метаморфических комплексов
|e Межвузовский научный тематический сборник
|f УрГИ
|
| 210 |
|
|
|a Екатеринбург
|c Изд-во УГИ
|d 1992
|
| 215 |
|
|
|a 132 с.
|c ил.
|
| 320 |
|
|
|a Библиогр. в конце статей
|
| 610 |
1 |
|
|a геология
|
| 610 |
1 |
|
|a геологические формации
|
| 610 |
1 |
|
|a метаморфические комплексы
|
| 610 |
1 |
|
|a петрология
|
| 610 |
1 |
|
|a метасоматизм
|
| 610 |
1 |
|
|a рудообразование
|
| 675 |
|
|
|a 552.4
|v 3
|
| 712 |
0 |
2 |
|a Уральский горный институт
|c (1914-1934; 1991-1993)
|2 stltpush
|3 (RuTPU)RU\TPU\col\300
|
| 801 |
|
0 |
|a RU
|b 63413507
|c 20011209
|g PSBO
|
| 801 |
|
2 |
|a RU
|b 63413507
|c 20091207
|g PSBO
|
| 942 |
|
|
|c BK
|